| 000 | 00425nam a22001697a 4500 | ||
|---|---|---|---|
| 005 | 20260401162726.0 | ||
| 008 | 160503b xxu||||| |||| 00| 0 eng d | ||
| 020 | _a81-203-2180-4 | ||
| 041 | _aeng | ||
| 082 |
_b1171 _a658.4 |
||
| 100 |
_aMcGrath, SJ. EH. _94835 |
||
| 245 | _aBasic Managerial skills for all. | ||
| 260 |
_aNew Delhi _bPrentice hall of India, _c2004 |
||
| 300 | _a723p, | ||
| 650 | _aManagement | ||
| 942 | _cBK | ||
| 999 |
_c464 _d464 |
||